All Bird Families of the World - Statistics

General Stats
  • This quiz has been taken 566 times
    294 since last reset
  • The average score is 83 of 254
Answer Stats
Answer % Correct
Cassowaries and Emu (Casuariidae)
84%
Hawks, Eagles, and Kites (Accipitridae)
84%
Pigeons and Doves (Columbidae)
84%
Owls (Strigidae)
83%
Ducks, Geese, and Waterfowl (Anatidae)
81%
Gulls, Terns, and Skimmers (Laridae)
81%
Ostriches (Struthionidae)
81%
Falcons and Caracaras (Falconidae)
80%
Crows, Jays, and Magpies (Corvidae)
78%
Pelicans (Pelecanidae)
78%
Rheas (Rheidae)
78%
Penguins (Spheniscidae)
75%
Cuckoos (Cuculidae)
74%
Woodpeckers (Picidae)
74%
Hummingbirds (Trochilidae)
72%
Herons, Egrets, and Bitterns (Ardeidae)
71%
Pheasants, Grouse, and Allies (Phasianidae)
71%
Kiwis (Apterygidae)
70%
Storks (Ciconiidae)
70%
Tinamous (Tinamidae)
68%
Flamingos (Phoenicopteridae)
67%
Swifts (Apodidae)
67%
Cranes (Gruidae)
65%
Grebes (Podicipedidae)
65%
Rails, Gallinules, and Coots (Rallidae)
65%
Trogons (Trogonidae)
65%
Loons (Gaviidae)
64%
Nightjars and Allies (Caprimulgidae)
64%
Boobies and Gannets (Sulidae)
61%
Kingfishers (Alcedinidae)
61%
Shearwaters and Petrels (Procellariidae)
61%
Auks, Murres, and Puffins (Alcidae)
59%
Plovers and Lapwings (Charadriidae)
59%
Albatrosses (Diomedeidae)
58%
Barn-Owls (Tytonidae)
58%
Finches, Euphonias and Allies (Fringillidae)
58%
New World Vultures (Cathartidae)
58%
Hornbills (Bucerotidae)
57%
New World and African Parrots (Psittacidae)
55%
Osprey (Pandionidae)
55%
Tits, Chickadees, and Titmice (Paridae)
55%
Cormorants and Shags (Phalacrocoracidae)
54%
Mousebirds (Coliidae)
54%
Swallows (Hirundinidae)
54%
Thrushes and Allies (Turdidae)
54%
Toucans (Ramphastidae)
54%
Bustards (Otididae)
52%
Hoatzin (Opisthocomidae)
52%
Rollers (Coraciidae)
52%
Sandgrouse (Pteroclidae)
52%
Sandpipers and Allies (Scolopacidae)
52%
Sunbittern (Eurypygidae)
52%
Tropicbirds (Phaethontidae)
52%
Ibises and Spoonbills (Threskiornithidae)
51%
Old World Sparrows (Passeridae)
51%
Potoos (Nyctibiidae)
51%
Seriemas (Cariamidae)
51%
Frogmouths (Podargidae)
49%
Oilbird (Steatornithidae)
49%
Wrens (Troglodytidae)
49%
Cockatoos (Cacatuidae)
48%
Jacamars (Galbulidae)
46%
Mesites (Mesitornithidae)
46%
Starlings (Sturnidae)
46%
Turacos (Musophagidae)
46%
Cuckoo-roller (Leptosomidae)
45%
New World Sparrows (Passerellidae)
45%
Owlet-nightjars (Aegothelidae)
45%
Tyrant Flycatchers (Tyrannidae)
45%
Bee-eaters (Meropidae)
43%
Frigatebirds (Fregatidae)
43%
New World Warblers (Parulidae)
43%
Screamers (Anhimidae)
43%
Skuas and Jaegers (Stercorariidae)
43%
Tanagers and Allies (Thraupidae)
43%
Cardinals and Allies (Cardinalidae)
42%
Magpie Goose (Anseranatidae)
42%
Nuthatches (Sittidae)
42%
Old World Parrots (Psittaculidae)
42%
Hoopoes (Upupidae)
41%
Old World Flycatchers (Muscicapidae)
41%
Shrikes (Laniidae)
41%
Birds-of-Paradise (Paradisaeidae)
39%
Guans, Chachalacas, and Curassows (Cracidae)
39%
Kagu (Rhynochetidae)
39%
New World Quail (Odontophoridae)
39%
Oystercatchers (Haematopodidae)
39%
Shoebill (Balaenicipitidae)
39%
Stilts and Avocets (Recurvirostridae)
39%
Wagtails and Pipits (Motacillidae)
39%
Anhingas (Anhingidae)
38%
Larks (Alaudidae)
38%
Secretarybird (Sagittariidae)
38%
Hamerkop (Scopidae)
36%
Jacanas (Jacanidae)
36%
Pittas (Pittidae)
36%
Treeswifts (Hemiprocnidae)
36%
Ground-Hornbills (Bucorvidae)
35%
Megapodes (Megapodiidae)
35%
New Zealand Parrots (Strigopidae)
35%
Ovenbirds and Woodcreepers (Furnariidae)
35%
Guineafowl (Numididae)
33%
Honeyguides (Indicatoridae)
33%
Northern Storm-Petrels (Hydrobatidae)
33%
Puffbirds (Bucconidae)
33%
Southern Storm-Petrels (Oceanitidae)
33%
Treecreepers (Certhiidae)
33%
Waxwings (Bombycillidae)
33%
New Zealand Wrens (Acanthisittidae)
32%
Yellow-breasted Chat (Icteriidae)
32%
Honeyeaters (Meliphagidae)
30%
Todies (Todidae)
30%
Typical Antbirds (Thamnophilidae)
30%
Cotingas (Cotingidae)
29%
Ibisbill (Ibidorhynchidae)
29%
Leaf Warblers (Phylloscopidae)
29%
Limpkin (Aramidae)
29%
Old World Buntings (Emberizidae)
29%
Troupials and Allies (Icteridae)
29%
Vireos, Shrike-Babblers, and Erpornis (Vireonidae)
29%
Woodhoopoes and Scimitarbills (Phoeniculidae)
29%
African Barbets (Lybiidae)
28%
Asian Barbets (Megalaimidae)
28%
Mockingbirds and Thrashers (Mimidae)
28%
Motmots (Momotidae)
28%
Old World Orioles (Oriolidae)
28%
Reed Warblers and Allies (Acrocephalidae)
28%
Waxbills and Allies (Estrildidae)
28%
Antpittas (Grallariidae)
26%
Bowerbirds (Ptilonorhynchidae)
26%
Buttonquail (Turnicidae)
26%
Cuckooshrikes (Campephagidae)
26%
Kinglets (Regulidae)
26%
Long-tailed Tits (Aegithalidae)
26%
Sheathbills (Chionidae)
26%
Sunbirds and Spiderhunters (Nectariniidae)
26%
Sylviid Warblers and Allies (Sylviidae)
26%
Thick-knees (Burhinidae)
26%
White-eyes, Yuhinas, and Allies (Zosteropidae)
26%
Accentors (Prunellidae)
25%
Dippers (Cinclidae)
25%
Magellanic Plover (Pluvianellidae)
25%
New World Barbets (Capitonidae)
25%
Penduline-Tits (Remizidae)
25%
Pratincoles and Coursers (Glareolidae)
25%
Weavers and Allies (Ploceidae)
25%
Bulbuls (Pycnonotidae)
23%
Crab-Plover (Dromadidae)
23%
Lyrebirds (Menuridae)
23%
Silky-flycatchers (Ptiliogonatidae)
23%
Drongos (Dicruridae)
22%
Egyptian Plover (Pluvianidae)
22%
Laughingthrushes and Allies (Leiothrichidae)
22%
Monarch Flycatchers (Monarchidae)
22%
Toucan-Barbets (Semnornithidae)
22%
Vangas, Helmetshrikes, and Allies (Vangidae)
22%
Antthrushes (Formicariidae)
20%
Fairywrens (Maluridae)
20%
Finfoots (Heliornithidae)
20%
Flufftails (Sarothruridae)
20%
Gnatcatchers (Polioptilidae)
20%
Ground-Rollers (Brachypteraciidae)
20%
Longspurs and Snow Buntings (Calcariidae)
20%
Manakins (Pipridae)
20%
Olive Warbler (Peucedramidae)
20%
Painted-Snipes (Rostratulidae)
20%
Plains-wanderer (Pedionomidae)
20%
Seedsnipes (Thinocoridae)
20%
Tityras and Allies (Tityridae)
20%
African and Green Broadbills (Calyptomenidae)
19%
Asian and Grauer's Broadbills (Eurylaimidae)
17%
Australasian Robins (Petroicidae)
17%
Cisticolas and Allies (Cisticolidae)
17%
Flowerpeckers (Dicaeidae)
17%
Grassbirds and Allies (Locustellidae)
17%
Quail-thrushes and Jewel-babblers (Cinclosomatidae)
17%
Sapayoa (Sapayoidae)
17%
Tree-Babblers, Scimitar-Babblers, and Allies (Timaliidae)
17%
Trumpeters (Psophiidae)
17%
Wallcreeper (Tichodromidae)
17%
Woodswallows, Bellmagpies, and Allies (Artamidae)
17%
Asities (Philepittidae)
16%
Bearded Reedling (Panuridae)
16%
Fantails (Rhipiduridae)
16%
Gnateaters (Conopophagidae)
16%
Leafbirds (Chloropseidae)
16%
Melampittas (Melampittidae)
16%
Oxpeckers (Buphagidae)
16%
Przevalski's Pinktail (Urocynchramidae)
16%
Rockfowl (Picathartidae)
16%
Royal Flycatchers and Allies (Onychorhynchidae)
16%
Shrike-tits (Falcunculidae)
16%
Thornbills and Allies (Acanthizidae)
16%
Whipbirds and Wedgebills (Psophodidae)
16%
Boatbills (Machaerirhynchidae)
14%
Cupwings (Pnoepygidae)
14%
Ground Babblers and Allies (Pellorneidae)
14%
Palmchat (Dulidae)
14%
Rockjumpers (Chaetopidae)
14%
Sittellas (Neosittidae)
14%
Sugarbirds (Promeropidae)
14%
Bristlebirds (Dasyornithidae)
13%
Bristlehead (Pityriasidae)
13%
Indigobirds (Viduidae)
13%
Logrunners (Orthonychidae)
13%
Pseudo-Babblers (Pomatostomidae)
13%
Puerto Rican Tanager (Nesospingidae)
13%
Rail-babbler (Eupetidae)
13%
Scrub-birds (Atrichornithidae)
13%
Tapaculos (Rhinocryptidae)
13%
Thrush-Tanager (Rhodinocichlidae)
13%
Whistlers and Allies (Pachycephalidae)
13%
Australasian Treecreepers (Climacteridae)
12%
Berrypeckers and Longbills (Melanocharitidae)
12%
Crescentchests (Melanopareiidae)
12%
Crested Jayshrike (Platylophidae)
12%
Cuban Warblers (Teretistridae)
12%
Dapple-throat and Allies (Modulatricidae)
12%
Hylias (Hyliidae)
12%
Hypocolius (Hypocoliidae)
12%
Mottled Berryhunter (Rhagologidae)
12%
Pardalotes (Pardalotidae)
12%
Sharpbill (Oxyruncidae)
12%
Spindalises (Spindalidae)
12%
Wattlebirds (Callaeidae)
12%
White-winged Chough and Apostlebird (Corcoracidae)
12%
Bushshrikes and Allies (Malaconotidae)
10%
Donacobius (Donacobiidae)
10%
Hyliotas (Hyliotidae)
10%
Ifrita (Ifritidae)
10%
Mitrospingid Tanagers (Mitrospingidae)
10%
Parrotbills (Paradoxornithidae)
10%
Ploughbill (Eulacestomatidae)
10%
Satinbirds (Cnemophilidae)
10%
Wattle-eyes and Batises (Platysteiridae)
10%
Whiteheads (Mohouidae)
10%
African Warblers (Macrosphenidae)
9%
Australo-Papuan Bellbirds (Oreoicidae)
9%
Bush Warblers and Allies (Scotocercidae)
9%
Chat-Tanagers (Calyptophilidae)
9%
Fairy-bluebirds (Irenidae)
9%
Fairy Flycatchers (Stenostiridae)
9%
Hawaiian Honeyeaters (Mohoidae)
9%
Hispaniolan Tanagers (Phaenicophilidae)
9%
Hylocitrea (Hylocitreidae)
9%
Ioras (Aegithinidae)
9%
Malagasy Warblers (Bernieridae)
9%
Spotted Elachura (Elachuridae)
9%
Stitchbird (Notiomystidae)
9%
Wrenthrush (Zeledoniidae)
9%
Tit Berrypecker and Crested Berrypecker (Paramythiidae)
7%
Nicators (Nicatoridae)
6%
Spotted Creepers (Salpornithidae)
4%
Yellow Flycatchers (Erythrocercidae)
4%
No matching quizzes found
Score Distribution
Percent of People with Each Score
Percentile by Number Answered
Your Score History
You have not taken this quiz since the last reset